000 00546nam a2200217Ia 4500
008 160303s9999 xx 000 0 und d
020 _a971-086-383-5
050 _aFIL BC 108
050 _b.M35 2003 c.1
100 _aMalitao, Arnel L.
245 _aEssential logic /
245 _cArnel L. Malitao.
260 _aMandaluyong:
260 _bNational Book Store,
260 _c2003
300 _a266 pages :
300 _billustrations ;
300 _c22 cm.
500 _aIncludes bibliographical references.
650 _aLogic.
999 _c291171
_d291171